Werder Bremen Kader - 2009/2010 - Statistiken

Allgemein
  • Dieses Quiz wurde 35 mal gespielt
  • Das Durchschnittsergebnis liegt bei 22 aus 38
Antwortstatistiken
Position Spieler % Korrekt
TW Tim Wiese
100%
MIT Mesut Özil
96%
VER Naldo
96%
VER Per Mertesacker
96%
ANG Hugo Almeida
93%
TW Christian Vander
89%
VER Clemens Fritz
85%
MIT Marko Marin
85%
TW Sebastian Mielitz
85%
MIT Torsten Frings
85%
ANG Claudio Pizarro
81%
MIT Tim Borowski
81%
MIT Daniel Jensen
78%
ANG Markus Rosenberg
78%
VER Sebastian Prödl
78%
MIT Aaron Hunt
74%
VER Petri Pasanen
74%
VER Sebastian Boenisch
70%
ANG Boubacar Sanogo
67%
MIT Jurica Vranjes
67%
MIT Phillip Bargfrede
63%
VER Dusko Tosic
48%
TW Felix Wiedwald
48%
ANG Marcelo Moreno
44%
ANG Martin Harnik
41%
MIT Peter Niemeyer
37%
ANG Sandro Wagner
37%
ANG Torsten Oehrl
37%
VER Niklas Andersen
30%
MIT José-Alex Ikeng
26%
MIT Kevin Artmann
26%
ANG Marko Futacs
26%
MIT Said Husejinovic
26%
VER Timo Perthel
26%
VER Aymen Abdennour
22%
VER Dominik Schmidt
15%
ANG Onur Ayik
11%
ANG Pascal Testroet
7%
Keine übereinstimmenden Quizze gefunden
Verteilung der Resultate
Anzahl Personen mit jedem Resultat
Perzentil nach korrekt beantworteten Fragen
Ihre Resultats-Entwicklung
Sie haben dieses Quiz noch nicht gespielt